[Event "Plovdiv"]
[Site "Plovdiv"]
[Date "1986.??.??"]
[Round "7"]
[White "Tringov, Georgi Petrov"]
[Black "Kurtenkov, Atanas"]
[Result "1-0"]
[WhiteElo "2475"]
[BlackElo "2455"]
[Annotator "Bulletin"]
[PlyCount "97"]
[EventDate "1986.06.24"]
[EventType "tourn"]
[EventRounds "11"]
[EventCountry "BUL"]
[EventCategory "10"]
[SourceTitle "EXT 2000"]
[Source "ChessBase"]
[SourceDate "1999.11.16"]
[SourceVersion "1"]
[SourceVersionDate "1999.11.16"]
[SourceQuality "1"]

1. e4 c5 2. Nf3 e6 3. d4 cxd4 4. Nxd4 Nc6 5. Nc3 Qc7 6. g3 a6 7. Bg2 d6 8. O-O
Bd7 9. Re1 Be7 10. Nxc6 Bxc6 11. a4 b6 12. Qg4 (12. Bf4 $5) 12... h5 13. Qe2 h4
14. Qg4 hxg3 15. hxg3 Kf8 16. Qe2 Nf6 17. Bg5 Bb7 18. Rad1 Nd7 $2 (18... Qc5 $5
) 19. Bxe7+ Kxe7 20. Rd4 Ne5 21. Red1 Rad8 22. f4 Qc5 23. Nd5+ $1 exd5 24. exd5
f6 25. fxe5 dxe5 26. d6+ $18 Rxd6 27. b4 Qxd4+ 28. Rxd4 Rxd4 29. Bxb7 Rxb4 30.
Qxa6 Rd8 31. Bg2 Rb2 32. Qe2 Rd4 33. Bc6 Kd6 34. Bb5 g5 35. Bd3 Rxa4 36. Qf3
Ra1+ 37. Kf2 Ke7 38. Qb7+ Ke6 39. Qc8+ Kd6 40. Qf8+ Ke6 41. g4 b5 42. Bf5+ Kd5
43. Qxf6 Rbb1 44. Qe6+ Kd4 45. Qd6+ Kc3 46. Qc5+ Kb2 47. Qxb5+ Kc1 48. Qxe5 Ra4
49. Qe3+ 1-0

[Event "EU-chT (Men) 10th"]
[Site "Debrecen"]
[Date "1992.11.??"]
[Round "7.3"]
[White "Bryson, Douglas Marshall"]
[Black "Gostisa, Leon F"]
[Result "1/2-1/2"]
[WhiteElo "2335"]
[BlackElo "2430"]
[Annotator "Bulletin"]
[PlyCount "139"]
[EventDate "1992.11.20"]
[EventType "team-swiss"]
[EventRounds "9"]
[EventCountry "HUN"]
[SourceTitle "EU-chT"]
[Source "ChessBase"]
[SourceDate "1999.07.01"]
[SourceVersion "2"]
[SourceVersionDate "1999.07.01"]
[SourceQuality "1"]
[WhiteTeam "Scotland"]
[BlackTeam "Slovenia"]
[WhiteTeamCountry "SCO"]
[BlackTeamCountry "SLO"]

1. e4 c5 2. Nf3 e6 3. d4 cxd4 4. Nxd4 Nc6 5. Nc3 Qc7 6. f4 a6 7. Nxc6 Qxc6 8.
Be2 b5 9. Bf3 Bb7 10. O-O Rc8 (10... b4 $1) 11. Kh1 Bc5 12. e5 Qc7 13. f5 exf5
14. Bxb7 Qxb7 15. Rxf5 Ne7 16. Rf1 b4 17. Ne2 Ng6 18. Ng3 O-O 19. Nh5 Rfe8 20.
Bf4 Bf8 21. Bg3 Nxe5 22. Bxe5 Rxe5 23. Qg4 Re6 24. Rf3 Rg6 25. Qf5 f6 26. Nf4
Rg5 27. Qd3 Qb5 28. Qd2 Rgc5 29. c3 bxc3 30. bxc3 Qc6 31. Rd1 Rb8 32. h3 Rb6
33. Nd5 Rbb5 34. Rd3 Qb7 35. a4 Rb1 36. Nxf6+ Kh8 37. Nxd7 Rf5 38. Qe2 Rb2 39.
R3d2 Rxd2 40. Rxd2 h6 41. Qd3 Rf4 42. Ne5 Kg8 43. c4 Bb4 44. Rd1 Qe4 45. Qd8+
Kh7 46. Qd5 Qxd5 47. cxd5 Bd6 48. g3 Rxa4 49. Nf7 Bxg3 50. d6 Bh4 51. d7 Ra3
52. Kg2 Ra2+ 53. Kf3 Ra3+ 54. Kg4 Ra4+ 55. Kf3 Ra3+ 56. Kg4 Ra4+ 57. Kf5 Ra3
58. Rd4 Bf6 59. Rd6 Bh4 60. Rd4 Bf6 61. h4 Ra5+ 62. Ke6 Ra1 63. d8=Q Bxd8 64.
Nxd8 Re1+ 65. Kf7 Rf1+ 66. Ke7 Kg6 67. Ne6 Rf7+ 68. Kd6 Kh5 69. Ke5 g5 70. hxg5
1/2-1/2

[Event "Andorra op 15th"]
[Site "Andorra"]
[Date "1997.??.??"]
[Round "5"]
[White "Nataf, Igor Alexandre"]
[Black "De la Riva Aguado, Oscar"]
[Result "1/2-1/2"]
[WhiteElo "2410"]
[BlackElo "2480"]
[Annotator "Bulletin"]
[PlyCount "68"]
[EventDate "1997.07.??"]
[EventType "swiss"]
[EventRounds "9"]
[EventCountry "AND"]
[SourceTitle "CBM 058 Extra"]
[Source "ChessBase"]
[SourceDate "1997.07.29"]
[SourceVersion "1"]
[SourceVersionDate "1997.07.29"]
[SourceQuality "1"]

1. e4 c5 2. Nf3 Nc6 3. d4 cxd4 4. Nxd4 e6 5. Nc3 Qc7 6. Be2 a6 7. O-O Nf6 8.
Kh1 Bb4 9. Qd3 Ne5 10. Qg3 O-O 11. Bh6 Ne8 12. Nd5 $2 (12. Bxg7 $3 Nxg7 13. Nd5
Qd6 (13... exd5 14. Nf5 Ng6 15. Qxc7) (13... Qd8 14. Nxb4) 14. Nf6+ Kh8 15. Qh3
h5 16. Qe3 $18 {Nataf,Igor}) 12... exd5 13. Bxg7 Ng6 $1 14. Bxf8 Bxf8 15. exd5
$13 Qxg3 16. hxg3 Bg7 17. Rfd1 b5 18. c3 Rb8 19. Nf5 d6 20. Nxg7 Kxg7 21. Rd4
Nf6 22. f3 h5 23. a4 bxa4 24. Raxa4 Rxb2 25. Bxa6 Bxa6 26. Rxa6 Ne7 27. g4 hxg4
28. fxg4 Nfxd5 29. c4 Nb6 30. Rxd6 Nxc4 31. Rd7 Ng6 32. Rda7 Ne3 33. Ra1 Nxg4
34. R7a2 Rb3 1/2-1/2

[Event "ROM-chT"]
[Site "Baile Tusnad"]
[Date "1997.??.??"]
[Round "?"]
[White "Vasiesiu, Dan"]
[Black "Cosma, Ioan"]
[Result "0-1"]
[WhiteElo "2420"]
[BlackElo "2495"]
[Annotator "Bulletin"]
[PlyCount "44"]
[EventDate "1997.??.??"]
[EventType "team"]
[EventRounds "5"]
[EventCountry "ROU"]
[SourceTitle "EXT 1999"]
[Source "ChessBase"]
[SourceDate "1998.11.16"]
[SourceVersion "1"]
[SourceVersionDate "1998.11.16"]
[SourceQuality "1"]

1. e4 c5 2. Nf3 Nc6 3. d4 cxd4 4. Nxd4 Qc7 5. Nc3 e6 6. Nb3 a6 7. f4 b5 8. Bd3
d6 9. O-O Nf6 10. Qf3 Bb7 11. a3 Be7 12. Bd2 O-O 13. Qh3 (13. Rae1 b4 14. axb4
Nxb4 {/\Nxd3, פb3, Pb2}) 13... g6 (13... Rac8 14. e5 $140 dxe5 15. fxe5 Nxe5
16. Rxf6 Nxd3 $1) (13... Rfe8) 14. f5 exf5 15. exf5 Ne5 16. Bh6 Rfe8 17. Bg5
Nfg4 18. Bxe7 Rxe7 19. Ne4 Bxe4 20. Bxe4 d5 21. Bxd5 Rd8 22. f6 Red7 0-1

[Event "WchT (Women) 5th"]
[Site "Chengdu"]
[Date "2015.04.21"]
[Round "3.3"]
[White "Zawadzka, Jolanta"]
[Black "Javakhishvili, Lela"]
[Result "1/2-1/2"]
[WhiteElo "2422"]
[BlackElo "2481"]
[Annotator "CB"]
[PlyCount "75"]
[EventDate "2015.04.19"]
[EventType "team-tourn"]
[EventRounds "9"]
[EventCountry "CHN"]
[SourceTitle "CBM 166 Extra"]
[Source "ChessBase"]
[SourceDate "2015.06.18"]
[SourceVersion "1"]
[SourceVersionDate "2015.06.18"]
[SourceQuality "1"]
[WhiteTeam "Poland (W)"]
[BlackTeam "Georgia (W)"]
[WhiteTeamCountry "POL"]
[BlackTeamCountry "GEO"]

1. e4 c5 2. Nf3 Nc6 3. d4 cxd4 4. Nxd4 Qc7 5. Nc3 e6 6. f4 a6 7. Nxc6 Qxc6 8.
Bd3 b5 9. Qe2 Bb7 10. Bd2 Bc5 11. O-O-O Ne7 12. a3 O-O-O 13. Rhe1 h5 14. g3 d5
15. exd5 exd5 16. Be3 Bd6 17. Bd4 f6 18. Bxb5 axb5 19. Nxb5 Bc5 20. b4 Bb6 21.
Qxe7 Qxb5 22. Qxg7 $2 (22. Qe6+ $1 Kc7 23. Qxb6+ Qxb6 24. Re7+ Kd6 (24... Rd7
25. Bxb6+ Kc8 26. Rxd7 Kxd7 {also leaves White up two pawns.}) 25. Rde1 $3 Bc8
(25... Kc6 26. R7e6+ Rd6 27. Rxd6+ Kxd6 28. Bxb6 {with two extra pawns.}) 26.
Bxb6 {and now the rook on e7 is defended.}) 22... Bxd4 23. Rxd4 Qb6 24. Rd3 {
A complex came ensued. Black is probably better ,but it was drawn at the end.}
d4 25. Re7 Rhe8 26. Rxe8 Rxe8 27. Qf7 Rd8 28. Qxh5 Be4 29. Rd2 f5 30. Qf7 Kb8
31. Qe7 Rc8 32. Qe5+ Kb7 33. g4 Qa6 34. Qxd4 Qxa3+ 35. Kd1 Qf3+ 36. Kc1 Qa3+
37. Kd1 Qf3+ 38. Kc1 1/2-1/2

[Event "Nanjing FIDE GP (Women)"]
[Site "Nanjing"]
[Date "2009.10.01"]
[Round "4"]
[White "Kovanova, Baira"]
[Black "Dzagnidze, Nana"]
[Result "0-1"]
[WhiteElo "2408"]
[BlackElo "2535"]
[Annotator "CB"]
[PlyCount "148"]
[EventDate "2009.09.28"]
[EventType "tourn"]
[EventRounds "11"]
[EventCountry "CHN"]
[EventCategory "8"]
[SourceTitle "CBM 132 Extra"]
[Source "ChessBase"]
[SourceDate "2009.11.03"]
[SourceVersion "1"]
[SourceVersionDate "2009.11.03"]
[SourceQuality "1"]

1. e4 c5 2. Nf3 e6 3. d4 cxd4 4. Nxd4 Nc6 5. Nc3 Qc7 6. g3 a6 7. Bg2 Nf6 8. O-O
Be7 {Sicilian Taimanov - Nana plays a wide variety of Sicilians and this is
one of her favourite chocies apart from the Najdorf} 9. Re1 O-O (9... d6 10.
Nxc6 bxc6 11. e5 $1 dxe5 12. Rxe5 $1 O-O 13. Bf4 $16) (9... Nxd4 10. Qxd4 d6
11. e5 dxe5 12. Qxe5 Qxe5 13. Rxe5 $14) 10. Nxc6 bxc6 11. e5 Nd5 12. Qd3 {
I am not sure if this was prepared by Baira but, to my knowledge, it is new.
In the game she manages to keep black tied up but there were other alternatives
} (12. f4 f6 13. Nxd5 cxd5 14. c3 Rb8 15. exf6 Bxf6 16. Re2 Kh8 17. Be3 d6 18.
Qd2 a5 19. Bf2 a4 20. a3 Bd7 21. Rae1 Rb5 22. Bh3 e5 23. Bxd7 Qxd7 24. c4 Rb3 {
0-1 Myagmarsuren,L-Bukic,E/Krakow 1964/(46)}) (12. Ne4 Qxe5 13. c4 Nf6 14. Bg5
(14. Bf4 Qxb2 15. Nd6 Qa3 $19 16. Qd2 Ne8 17. Nxc8 Rxc8 18. Qxd7 Nf6 19. Qb7
Bc5 20. h3 Bd4 21. Rad1 Qc5 22. Rxd4 Qxd4 23. Qxa6 Ra8 24. Qxc6 Rac8 $1 25. Qf3
Qxc4 {0-1 Ciric,D-Janosevic,D/Vrsac 1969/ (41)}) 14... Qa5 15. Nxf6+ Bxf6 16.
Bxf6 gxf6 17. Re4 Kh8 18. Qd4 Qd8 19. Rh4 $18 d5 20. Rh6 e5 21. Qh4 Bf5 22. Bh3
Bg6 23. Rxh7+ {1-0 Matulovic,M-Janosevic,D/Jugoslavija 1-0 Matulovic,
M-Janosevic,D/Jugoslavija}) (12. Na4 $1 $14 {is probably the best line here}
Rb8 (12... f6 $2 13. c4 Nb6 14. Bf4 fxe5 15. Bxe5 Qb7 16. Bd4 Nxa4 17. Qxa4 Rb8
18. Re2 Qc7 19. c5 Bf6 20. Rd1 a5 21. Bxf6 Rxf6 22. Qc2 h6 23. Be4 Kf8 24. Red2
Rb5 25. Qc3 Ke7 26. Bd3 Rb8 27. Bc4 {1-0 Kurajica,B-Janosevic,D/Skopje 1969 
(61)}) 13. b3 f5 14. Bd2 c5 15. c4 Nb4 16. Be3 Rd8 17. f4 Nc6 18. Qe2 Nd4 19.
Bxd4 cxd4 20. Rad1 Bb4 21. Rf1 d6 22. exd6 Qxd6 23. Nb2 Bb7 24. Nd3 Bxg2 25.
Qxg2 a5 26. Ne5 {1/2-1/2 Belov,V (2553) -Bocharov,D (2527)/St Petersburg 2003/
PG031027 (77)}) 12... a5 (12... Rb8 $5) 13. Na4 c5 14. c4 (14. Bxd5 exd5 15.
Nc3 d4 16. Nd5 Qd8 17. Qe4 $14) 14... Nb4 15. Qe2 Bb7 16. Bxb7 Qxb7 17. Be3 $14
{white has emerged with an advantage from theopening and black has to be
careful for boh c5 and d7 here} Qc7 18. f4 (18. Red1 $5) 18... Qc6 19. Nc3 f6
20. a3 Na6 21. Qg2 $1 {of course if black exchanges queens there could never
be more than hope of a draw} Qb6 22. Rad1 Rad8 23. Nb5 $6 (23. exf6 Bxf6 24.
Qc2 $14) 23... fxe5 24. fxe5 Nb8 $1 25. Bd2 Nc6 26. Bc3 a4 27. Re2 (27. Qc2 Qa6
(27... Qb8 28. Qxa4 Rf5 29. Nd6 Bxd6 30. exd6 Rdf8 31. Qc2 {with initiative
for black as compensation}) 28. Rf1 Rxf1+ 29. Rxf1 Nd4 30. Nxd4 cxd4 31. Bxd4
Rc8 {with compensation}) 27... Na7 28. Nd6 $6 (28. Nxa7 Qxa7 29. Qe4 $11) 28...
Bxd6 (28... Qb3 29. Red2 Bg5 (29... Bxd6 30. Rxd6 Nc8 31. R6d3 Qxc4 32. Qb7 Ne7
33. Rxd7 Rxd7 34. Qxd7 Ng6 $11) 30. Rd3 Be3+ 31. Kh1 Rf2 32. Qg1 Re2 33. Qf1
Qc2 (33... Rf2 $11) 34. Rxe3 Rxe3 35. Qf7+ Kh8 36. Rf1 h6 37. Ne8 $16) 29. Rxd6
Nc6 {white has a light advantage here and the next few moves are some
manouevering from both sides to improve their position} 30. Red2 Qa7 31. Qe4
Nb8 32. Kg2 Rde8 33. R6d3 Re7 34. Rf3 Rxf3 35. Qxf3 Rf7 36. Qe4 Nc6 37. h4 Ne7
38. Kh3 Nc6 39. Kg2 Ne7 40. Kh3 {white indicates she is happy to repeat
position. At this point, GM Zurab Azmaiparashvili was watching the game with
me on the monitors and said "She should try provocation Nf5 to get white to
play g4" and sure enough the Georgian school was right !} Nf5 41. g4 Ne7 42.
Kg3 h5 $1 {Nana shows her willingness to fight and in typical style she
squeezes out a win} 43. Rf2 Rxf2 44. Kxf2 hxg4 45. Qxg4 Qa8 (45... Nf5 $5) 46.
Qd1 Qe4 47. Qxd7 Qxh4+ 48. Kg2 Qe4+ 49. Kf2 Qc2+ 50. Ke1 Kf7 51. Qb5 Qe4+ {
objectively black does not have a win but she is the one who is playing for
one and this must have had a psychological effect on Baira} 52. Kf2 (52. Kd2
Qg2+ 53. Kc1 Qf1+ 54. Kc2 Qf2+ 55. Kb1 g5 56. Qxa4 $1 g4 57. Qd1 $1 g3 {
would have worried white but after} 58. Qh5+ Kg7 59. Qg5+ Ng6 60. Bd2 $1 (60.
Qf6+ Kh6) 60... Qf5+ 61. Kc1 Qxg5 62. Bxg5 Nxe5 63. Be3 Nxc4 64. Bxc5 {the
position is equal}) 52... Qc6 53. Bd2 Qxb5 54. cxb5 $14 {white should not lose
this} Ke8 55. Ke2 c4 56. Ke3 Nf5+ 57. Kf4 Kd7 58. Kg5 (58. Bc3 $14) 58... Nd4
59. Kg6 Nxb5 60. Kxg7 Kc6 61. Kf6 Kd5 62. Bc3 Na7 63. Ke7 Nc6+ 64. Kf6 Nb8 65.
Ke7 Na6 66. Kd7 Nc5+ 67. Kc7 Ne4 68. Kb6 $2 {Nana's persistence pays off} (68.
Be1 Kxe5 69. Kc6 Kd4 70. Kb5 c3 71. bxc3+ Nxc3+ 72. Kb4 $1 $11) 68... Nxc3 $19
69. bxc3 Kxe5 70. Kc5 Kf4 71. Kxc4 e5 72. Kd3 Kf3 73. Kd2 e4 74. Ke1 Ke3 0-1

[Event "Mitropa Cup 33rd"]
[Site "Ruzomberok"]
[Date "2014.05.28"]
[Round "6.4"]
[White "Berchtenbreiter, Maximilian"]
[Black "Tazbir, Marcin"]
[Result "1-0"]
[WhiteElo "2409"]
[BlackElo "2530"]
[Annotator "CB"]
[PlyCount "51"]
[EventDate "2014.05.23"]
[EventType "team-tourn"]
[EventRounds "9"]
[EventCountry "SVK"]
[SourceTitle "CBM 160 Extra"]
[Source "ChessBase"]
[SourceDate "2014.07.01"]
[SourceVersion "1"]
[SourceVersionDate "2014.07.01"]
[SourceQuality "1"]
[WhiteTeam "Germany"]
[BlackTeam "Poland"]
[WhiteTeamCountry "GER"]
[BlackTeamCountry "POL"]

1. e4 c5 2. Nf3 Nc6 3. d4 cxd4 4. Nxd4 Qc7 5. Nc3 e6 6. g3 a6 7. Bg2 Nge7 8.
Nb3 h5 9. Bf4 Ne5 10. Bxe5 Qxe5 11. f4 Qc7 12. e5 Nf5 13. Be4 g6 14. Qf3 d6 15.
Bxf5 gxf5 16. exd6 Bxd6 17. O-O-O Bd7 18. Qe3 O-O-O 19. Rd3 h4 20. Rhd1 Bc6 21.
Na5 $6 {Einfallsreich, vor allem in Anbetracht des zweiten Springeropfers im
23. Zug, aber nicht ganz korrekt.} hxg3 ({Nach} 21... Qxa5 22. Rxd6 Rxd6 23.
Rxd6 hxg3 24. Qxg3 {ist die Stellung ungefähr im Gleichgewicht.}) 22. Nxc6
gxh2 23. Nb5 axb5 24. Na7+ Kb8 25. Nxb5 {Hierauf hatte sich Weiß anscheinend
verlassen - und wird durch die schwarze Fortsetzung für seinen Mut belohnt.}
Bc5 $2 {Nicht der beste.} ({Nach} 25... Qa5 {ist nicht zu sehen, wie Weiß
seinen Angriff fortsetzen soll. Schwarz steht auf Gewinn.}) 26. Qe5 $1 {
Ups! Nach diesem hübschen Trick steht Weiß auf Gewinn.} 1-0

[Event "Vienna op"]
[Site "Vienna"]
[Date "1996.??.??"]
[Round "9"]
[White "Khalifman, Alexander"]
[Black "Van der Werf, Mark"]
[Result "0-1"]
[WhiteElo "2640"]
[BlackElo "2400"]
[Annotator "Chekhov,V"]
[PlyCount "94"]
[EventDate "1996.??.??"]
[EventType "swiss"]
[EventRounds "9"]
[EventCountry "AUT"]
[SourceTitle "CBM 053 Extra"]
[Source "ChessBase"]
[SourceDate "1996.09.01"]
[SourceVersion "1"]
[SourceVersionDate "1996.09.01"]
[SourceQuality "1"]

1. e4 c5 2. Nf3 e6 3. Nc3 a6 4. d4 cxd4 5. Nxd4 Qc7 6. Be2 Nc6 7. O-O Nf6 8.
Kh1 Bb4 9. Qd3 O-O 10. Bg5 Bxc3 11. bxc3 Ne5 $5 {N/} (11... Qe5 12. f4 Qxe4 13.
Qg3 $1 (13. Qh3 Qg6 14. Bd3 Ne4 15. Nxc6 bxc6 16. Be7 Re8 17. Bd6 c5 18. Bxc5
Bb7 19. Bd4 f5 $36 {Ivanovic,B-Rublevsky,S/Tivat/1995/0|1/26/}) 13... Qg6 14.
Bd3 Ne4 15. Bxe4 Qxe4 16. f5 Nxd4 (16... Qe5 $2 17. Bf4 Qf6 18. Nxc6 $22 bxc6
19. Bg5 $18 {Ivanovic,B-Miladinovic,I/Tivat/1995/1|0/18/}) 17. Bf6 g6 18. cxd4
exf5 19. Qg5 Qe6 20. d5 h6 21. Qh4 Qb6 22. Rab1 Qd6 23. Rxf5 $1 gxf5 24. Qxh6
$18 {Pavlovic,M-Perdomo Carlos,A/GRE/1995/1|0/25/}) 12. Qe3 Neg4 13. Qh3 (13.
Bxg4 Nxg4 14. Qh3 Ne5 15. f4 Nc4 16. f5 f6 17. Bc1 e5 $17) 13... Nxf2+ 14. Rxf2
Nxe4 15. Qe3 (15. Bh4 Nxf2+ 16. Bxf2 d5 $132) 15... Nxf2+ 16. Qxf2 d5 (16...
Qxc3 17. Rf1 $146) 17. Rf1 e5 18. Nf5 Bxf5 (18... f6 $5 19. Bc1 Bxf5 20. Qxf5
Rad8 $132) 19. Qxf5 Qd6 (19... Qxc3 20. Be7 $36) (19... f6 20. Bd3 g6 21. Qe6+
Qf7 22. Qxf6 Qxf6 23. Bxf6 e4 24. Be2 Rf7 25. Kg1 $16) 20. c4 f6 21. Bc1 d4 22.
Bf3 (22. Bd3 g6 23. Qg4 Kh8 $132) 22... Rac8 23. Qd3 (23. Bd5+ Kh8 24. Rf3 g6 (
24... Qb4 $5) 25. Qd3 b5 $132) 23... b5 24. c5 (24. cxb5 Rc3 25. Qe2 f5 $13)
24... Qxc5 25. Be4 f5 (25... g6 26. Bxg6 hxg6 27. Qxg6+ Kh8 28. Rf3 $18) (25...
h6 26. Qh3 $36) 26. Bxf5 Qc4 27. Bxh7+ Kh8 28. Re1 Rce8 29. Qxc4 (29. h3 Qxd3
30. Bxd3 e4 31. Bxe4 (31. Bf1 Rf2 $36) (31. Rxe4 Rxe4 32. Bxe4 Rf1+ $19) 31...
Rf6 32. Bd2 Rfe6 $19) 29... bxc4 30. Be4 Rb8 31. Ba3 (31. Bg5 Rb2 32. a3 Rfb8
$13) 31... Rfd8 32. Kg1 d3 33. c3 (33. cxd3 cxd3 34. Rd1 (34. Kf2 $5) 34... Rd4
35. Bg6 e4 36. Kf2 Ra4 $36) 33... Rb5 34. Be7 (34. Bb4 a5 35. a4 Rxb4 36. cxb4
axb4 37. Kf2 d2 38. Rd1 b3 39. Ke2 c3 40. a5 Rd6 $17) 34... Rdb8 35. Kf2 Rb1 (
35... Rb2+ 36. Ke3 Rxa2 37. Bd5 $13) 36. Bb4 Rb2+ 37. Ke3 Rxa2 38. Bd5 a5 39.
Bd6 $4 (39. Be7 $5 Rc8 $13) 39... Rd8 40. Bxc4 Re2+ $1 41. Rxe2 dxe2 $19 42.
Bxe2 Rxd6 43. Bb5 Rd5 44. c4 Rd4 45. h4 Kh7 46. g4 Kg6 47. c5 Rd5 0-1

[Event "OHRA-B"]
[Site "Amsterdam"]
[Date "1989.??.??"]
[Round "?"]
[White "Nijboer, Friso"]
[Black "Polgar, Judit"]
[Result "0-1"]
[WhiteElo "2475"]
[BlackElo "2555"]
[Annotator "ChessBase"]
[PlyCount "66"]
[EventDate "1989.07.??"]
[EventType "swiss"]
[EventRounds "9"]
[EventCountry "NED"]
[SourceTitle "CBM 015"]
[Source "ChessBase"]
[SourceDate "1990.04.01"]
[SourceVersion "1"]
[SourceVersionDate "1990.04.01"]
[SourceQuality "1"]

1. e4 c5 2. Nf3 e6 3. d4 cxd4 4. Nxd4 Nc6 5. Nc3 Qc7 6. Be2 a6 7. O-O Nf6 8.
Kh1 Nxd4 9. Qxd4 Bc5 10. Qd3 h5 11. f4 Ng4 12. Nd1 (12. e5 $1 d6 13. exd6 Qxd6
14. Qxd6 Bxd6 15. Ne4 Be7 16. h3 {Erenska-Polgar,J (Thessalonoki 1988)}) (12.
Qg3 b5 13. Bxg4 hxg4 14. Qxg4 Bb7 15. Qe2 b4 16. Nd1 Ke7 17. Be3 Bxe3 18. Qxe3
Rh4 $1 {Xie-Polgar,J (Thessaloniki 1988)}) 12... b5 13. a4 (13. Ne3 Nxe3 14.
Bxe3 Bxe3 15. Qxe3 Bb7 16. c3 h4 17. h3 $10 Rc8 {Adams-Polgar,J (Adelaide 1988)
}) 13... b4 14. c4 $6 Bb7 15. a5 $2 (15. b3 {/\ 16.Bb2}) 15... O-O-O 16. Be3 (
16. Ne3 g5) 16... Nxe3 17. Nxe3 g5 $1 18. fxg5 Qe5 19. Bf3 (19. Rxf7 Bxe4 20.
Qd2 Bxe3 21. Qxe3 Bxg2+) 19... Qxg5 (19... Bd6 20. g3 h4 21. Ng4 (21. c5 Bxc5 (
21... hxg3 22. Qxd6 Rxh2+ (22... Qxb2 23. Qxg3) 23. Kg1) 22. Ng4 {/\ 23.Rac1})
21... hxg3 22. Nxe5 Rxh2+ 23. Kg1 Bc5+ 24. Rf2 Rxf2 25. Qb1 Rxb2+) 20. Nd1 $2 (
20. Rae1) 20... Qe5 21. Nf2 Bd6 22. g3 h4 23. c5 (23. Ng4 hxg3 24. Nxe5 Rxh2+
25. Kg1 Bc5+ 26. Rf2 Rxf2) 23... hxg3 24. Qxd6 Rxh2+ (24... g2+ 25. Kxg2 (25.
Bxg2 Rxh2+ 26. Kg1 Rg8) 25... Rdg8+ 26. Ng4 Rxg4+ 27. Bxg4 Qxe4+ 28. Kg3 Qg2+
$10) 25. Kg1 gxf2+ 26. Rxf2 Rg8+ 27. Bg2 Rh5 (27... Rgxg2+ 28. Rxg2 Rxg2+ 29.
Kxg2 Qxb2+ 30. Kf3 Qxa1 31. Qf8+ Kc7 32. Qd6+ $10) 28. Rc1 $2 (28. Kf1) 28...
Qh8 29. Rxf7 Rxg2+ 30. Kxg2 (30. Kf1 Rh1+ 31. Kxg2 Qh3+) 30... Qg8+ 31. Qg3
Bxe4+ (31... Rg5 $2 32. Rf8+ $1) 32. Kf2 Qxf7+ 33. Ke3 Bc6 0-1

[Event "EU-chT 08th Final"]
[Site "Plovdiv"]
[Date "1983.??.??"]
[Round "5.4"]
[White "Mestel, A Jonathan"]
[Black "Bischoff, Klaus"]
[Result "1-0"]
[WhiteElo "2505"]
[BlackElo "2445"]
[Annotator "ChessBase"]
[PlyCount "87"]
[EventDate "1983.06.23"]
[EventType "team-tourn"]
[EventRounds "7"]
[EventCountry "BUL"]
[SourceTitle "EU-chT"]
[Source "ChessBase"]
[SourceDate "1999.07.01"]
[SourceVersion "2"]
[SourceVersionDate "1999.07.01"]
[SourceQuality "1"]
[WhiteTeam "England"]
[BlackTeam "German Fed Rep"]
[WhiteTeamCountry "ENG"]
[BlackTeamCountry "GER"]

1. e4 c5 2. Nf3 e6 3. d4 cxd4 4. Nxd4 Nc6 5. Nc3 Qc7 6. g3 a6 7. Bg2 Nf6 8. O-O
Be7 9. Re1 Nxd4 10. Qxd4 Bc5 11. Qd1 d6 12. Na4 Ba7 13. b3 O-O (13... e5 14.
Ba3 b5 15. Bxd6 Qc6 16. Bxe5 bxa4 17. Bxf6 Qxf6 18. e5 Qxf2+ 19. Kh1 Qb6 20. e6
O-O 21. exf7+ Kh8 22. Qd5 Rb8 23. Re8 Bg4 24. h3 $13) 14. c4 e5 15. Ba3 Bd4 16.
Rc1 Ng4 17. Rf1 f5 18. c5 d5 $6 19. exd5 f4 20. Bb2 f3 21. Bxf3 Nxf2 22. Qe2
Rxf3 23. Bxd4 Bg4 24. Bxe5 Nh3+ 25. Kg2 Rxf1 26. Bxc7 Bxe2 27. Rxf1 Bxf1+ 28.
Kxf1 Ng5 29. Bf4 Nf7 30. Nb6 Rf8 31. h4 h6 32. h5 Nd8 33. Ke2 Kf7 34. Kd3 Re8
35. Bc7 Ke7 36. Ke4 Rg8 37. Bd6+ Kf7 38. Nd7 Ke8 39. Nb6 g6 40. hxg6 Rxg6 41.
b4 h5 42. Kf5 Rg7 43. Be5 Rg8 44. a4 1-0

[Event "Interzonal-13a"]
[Site "Tunis"]
[Date "1985.04.28"]
[Round "2"]
[White "Ermenkov, Evgenij"]
[Black "Portisch, Lajos"]
[Result "1/2-1/2"]
[WhiteElo "2515"]
[BlackElo "2635"]
[Annotator "ChessBase"]
[PlyCount "183"]
[EventDate "1985.04.27"]
[EventType "tourn"]
[EventRounds "17"]
[EventCountry "TUN"]
[EventCategory "11"]
[SourceTitle "IZT"]
[Source "ChessBase"]
[SourceDate "1999.07.01"]
[SourceVersion "1"]
[SourceVersionDate "1999.07.01"]
[SourceQuality "1"]

1. e4 c5 2. Nf3 e6 3. d4 cxd4 4. Nxd4 Nc6 5. Nc3 Qc7 6. Be2 a6 7. O-O Nf6 8.
Kh1 Bb4 9. Bg5 Bxc3 10. Bxf6 gxf6 11. bxc3 Ne7 12. c4 b6 13. Qd2 Bb7 14. Bd3
Rg8 15. Rab1 Qc5 (15... O-O-O $5) 16. Nb3 Qh5 17. f3 Rb8 18. c5 (18. Rfd1 $14)
18... b5 19. a4 Bc6 20. axb5 axb5 21. Rfd1 Kf8 22. Bf1 Kg7 23. Qd6 Ng6 24. Nd4
Ne5 25. Nxb5 Qg5 26. Nd4 Rxb1 27. Rxb1 Qe3 28. Nb3 Ra8 29. Qd4 Qxd4 30. Nxd4
Ra5 31. Nb3 Ra2 32. Rc1 Ba4 33. Kg1 Kf8 34. Nd4 Ra3 35. Rb1 Rc3 36. Rb8+ Kg7
37. Rb4 Bxc2 38. Nxc2 Rxc2 39. f4 Ng6 40. g3 Rxc5 41. Rb7 d5 42. exd5 Rxd5 43.
Bc4 Rd1+ 44. Kf2 Kf8 45. f5 Ne5 46. Be2 Rd7 47. Rxd7 Nxd7 48. Ke3 Nb6 49. Ke4
Ke7 50. g4 Nd5 51. Bc4 Kd6 52. Kd4 h6 53. Bb3 Ne7 54. Ke4 Nc6 55. Ba2 Ne5 56.
Kf4 Nd3+ 57. Ke4 Nc5+ 58. Kd4 Nb7 59. Bb3 Ke7 60. Bc4 Nd6 61. Bd3 Ne8 62. Kc5
Ng7 63. Bc2 h5 64. gxh5 Nxh5 65. Kd4 Kf8 66. Ke4 Ng7 67. Kf4 Ne8 68. Bb3 Nc7
69. Ke4 Ke7 70. Ba2 Nb5 71. Kf4 Nd4 72. Bb1 Kf8 73. Ke3 Nb5 74. Bd3 Nd6 75. Kf4
Kg7 76. Kf3 Kf8 77. Kg4 Nb7 78. Kf4 Nc5 79. Bc4 Kg7 80. Ba2 e5+ 81. Kg4 Ne4 82.
Bb1 Nc3 83. Bc2 Nd5 84. Be4 Ne3+ 85. Kf3 Nf1 86. Bd3 Nd2+ 87. Kg4 Kh6 88. Bc2
Nf1 89. Bd3 Ne3+ 90. Kf3 Nd1 91. Bc2 Nb2 92. Kg4 1/2-1/2